000 01193nam a22001937a 4500
999 _c60394
_d60394
003 Ge_BSU
005 20230711145259.0
008 230711s1970ge xxu||||| |||| 00| 0 geo d
041 _ageo
080 _a821.14'01.09 გ-70
100 _aგორდეზიანი, რისმაგ, ავტორი
_919086
245 _a"ილიადა" და ეგეოსური მოსახლეობის ისტორიისა და ეთნოგენეზის საკითხები /
_cრისმაგ გორდეზიანი.
264 _aთბილისი :
_bთბილ. უნ-ტის გამ-ბა,
_c 1970.
300 _a310 გვ. ;
_b 22 სმ.
504 _aბიბლიოგრაფია: გვ. 264-277.
520 _aრეზუმე რუსულ და გერმანულ ენებზე.
653 _aძველი ბერძნული ლიტერატურის ისტორია და კრიტიკა. ძველი საბერძნეთის ისტორია. ძველი ბერძნების ეთნოგენეზი.
942 _2udc
_cBK